Statistiques concernant Quiz Dragon 1,2,3 et par delà les rives

Cliquez ici pour prendre le quiz!

Statistiques générales

  • Ce quiz a été pris 1 203 fois
    (1 161 depuis la dernière actualisation)
  • Le résultat moyen est 9 sur 15

Statistiques - réponses

QuestionRéponse% Correct
Qui sont les Parenvrilles ?Ingrid, Dagur, Osevalle
83%
Quelle est la race de Kranecrusher ?Cornebrute
78%
Quelle âge Harold a t'il dans Dragon 2 ?20 ans
74%
Qu'elle est la peur de tous les dragons à par un ?Les anguilles
73%
Depuis combien d'années Valka s'est-elle fait enlever par les dragons, après avoir été retrouvée par son fils (Dragon 2) ?20 ans
71%
Qui est l'ennemi naturel du dragon ArtillerieL'abysse mortifèr
69%
Comment se nomme le dragon final dans Dragon 1 ?La Mort Rouge
68%
Attention, question de logique. D'où viennent les cicatrices de Krokmou ? (Dragon 1)Du filet que Harold a lancé
62%
Harold Haddock ..... du nom3ème du nom
59%
Dans Dragon 3 que dit Harold pour l'inciter à partir ?"Notre monde n'est pas digne de vous"
59%
Qu'elle est le dragon qui n'est pas le dernier de son espèce ?Dramillion
50%
Donner moi tous les grand méchant ( qui l'on était ) qu'on retrouve dans Dragon 1,2,3 et Dragon par delà les rivesDrago, Eret , Grimel , Dagur, Vigo, Yoann, Rïkeur, Krogan
45%
Quel dragon n'est pas venimeuxL'Incrusquatteur
40%
Krokmou est-il le dernier furie nocturne ?( dans Dragon 3)Oui
37%
Quel Dragon a t-on jamais vu dans les FILMS excepter Dragon 3 (On prononce pas forcement les noms dans les films mais on les voit)Mort Verte
31%

Distribution des résultats

Percentile par nombre de réponses

% des personnes avec chaque résultat

Votre développement - résultats

Vous n’avez pas pris ce quiz depuis la dernière actualisation